| 000 | 00956nam a2200313Ia 4500 | ||
|---|---|---|---|
| 008 | 160803s9999 xx 000 0 und d | ||
| 020 | _a9780439328715 | ||
| 100 | _aAda, Alma Flor | ||
| 245 | _aUnder the royal palms : | ||
| 245 | _ba childhood in Cuba / | ||
| 245 | _cAlma Flor Ada. | ||
| 260 | _aNew York : | ||
| 260 | _bScholastic Inc. | ||
| 260 | _c1998 | ||
| 300 | _a85 pages : | ||
| 300 | _billustrations ; | ||
| 300 | _c23 cm | ||
| 650 | _aAda, Alma Flor -- Childhood and youth -- | ||
| 650 | _aAda, Alma Flor -- Homes and haunts -- Cuba -- | ||
| 650 | _aAuthors, American -- 20th century -- Biography -- | ||
| 650 | _aAuthors, Cuban -- 20th century -- Biography -- | ||
| 650 | _aCuban American women -- Biography -- | ||
| 650 | _xJuvenile literature. | ||
| 650 | _xJuvenile literature. | ||
| 650 | _xJuvenile literature. | ||
| 650 | _xJuvenile literature. | ||
| 650 | _xJuvenile literature. | ||
| 700 | _a1070 | ||
| 999 |
_c299717 _d299717 |
||